Night in the Woods Characters - Statistics

General Stats
  • This quiz has been taken 28 times
  • The average score is 12 of 16
Answer Stats
Picture Answer % Correct
Angus
100%
Bea
100%
Gregg
100%
Mae
100%
Mom (Candy)
96%
Dad (Stan)
88%
Germ
88%
The Janitor
88%
Casey
83%
Selmers
79%
Aunt Molly
63%
Lori
63%
Cole
46%
Pastor K (Kate)
42%
Bruce
38%
Fisherman Jones
13%
No matching quizzes found
Score Distribution
Percent of People with Each Score
Percentile by Number Answered
Your Score History
You have not taken this quiz